<?xml version="1.0" encoding="utf-8"?>
<?xml-stylesheet type='text/xsl' href='./oai2.xsl'?>
<OAI-PMH xmlns="http://www.openarchives.org/OAI/2.0/" xmlns:xsi="http://www.w3.org/2001/XMLSchema-instance" xsi:schemaLocation="http://www.openarchives.org/OAI/2.0/ http://www.openarchives.org/OAI/2.0/OAI-PMH.xsd">
  <responseDate>2026-05-15T19:26:07Z</responseDate>
  <request verb="GetRecord" metadataPrefix="marcxml" identifier="record_kuniweb_1296117">https://kulturerbe.niedersachsen.de/oai</request>
  <GetRecord>
    <record>
      <header>
        <identifier>record_kuniweb_1296117</identifier>
        <datestamp>2018-08-17T07:05:05Z</datestamp>
        <setSpec>slg0211</setSpec>
        <setSpec>slg0202</setSpec>
      </header>
      <metadata>
        <marc:record xmlns:marc="http://www.loc.gov/MARC21/slim" xsi:schemaLocation="http://www.loc.gov/MARC21/slim http://www.loc.gov/standards/marcxml/schema/MARC21slim.xsd">
          <marc:leader>12345nrm  22     uu 4500</marc:leader>
          <marc:controlfield tag="001">1296117</marc:controlfield>
          <marc:controlfield tag="003">http://kuniweb.gbv.de</marc:controlfield>
          <marc:controlfield tag="005">2018-03-21T16:50:32</marc:controlfield>
          <marc:controlfield tag="008">|           ||||||||||||||||||||||</marc:controlfield>
          <marc:datafield tag="245" ind1="1" ind2="0">
            <marc:subfield code="a">Feldtornister des III.Jägerbatallions</marc:subfield>
          </marc:datafield>
          <marc:datafield tag="655" ind1=" " ind2="7">
            <marc:subfield code="a">Alltagskultur</marc:subfield>
          </marc:datafield>
          <marc:datafield tag="046" ind1=" " ind2=" ">
            <marc:subfield code="k">1865</marc:subfield>
            <marc:subfield code="k">1865</marc:subfield>
          </marc:datafield>
          <marc:datafield tag="260" ind1=" " ind2=" ">
            <marc:subfield code="g">1865</marc:subfield>
            <marc:subfield code="g">1865</marc:subfield>
          </marc:datafield>
          <marc:datafield tag="300" ind1=" " ind2=" ">
            <marc:subfield code="a">Breite: 30 cm (Rucksack)
Höhe: 37,5 cm (Rucksack)
Tiefe: 13,5 cm (Rucksack)
Höhe: 16,2 cm (Kochgeschirr)
Breite: 16,5 cm (Kochgeschirr)
Tiefe: 9,4 cm (Kochgeschirr)</marc:subfield>
          </marc:datafield>
          <marc:datafield tag="520" ind1=" " ind2=" ">
            <marc:subfield code="a">Fester mit Fell überzogener, rechteckiger Tornister. Überlappender Verschluß, durch Seitenteile halbrund gebogen. Seitlich kleine Extratasche angenäht. Ränder mit Leder eingefaßt. Verschluß aus drei Riemenschnallen. Seitlich und hinten Lederriemen zur Befestigung von Trägern. Leinenfutter. In der Klappe aufgedruckter Schriftzug "Sander 1865", seitlich "980em". Auf der Oberseite befestigtes Kochgeschirr: halbrundes Topfgefäß mit Drahthenkel. Aus mehreren Metallblechstücken zusammengelötet, Ränder umgebogen. Seitlich Metallösen zur Befestigung am Tornister. (Inventarisation)

Aufdruck:
980em (Seitlich.)

Aufdruck:
Sander 1865 (In der Klappe.)

Verwendungszweck:
Feldausrüstung des III. Jägerbatallalions

Gebrauchsort:
Northeim (Niedersachsen)</marc:subfield>
          </marc:datafield>
          <marc:datafield tag="650" ind1="1" ind2=" ">
            <marc:subfield code="a">Militaria</marc:subfield>
          </marc:datafield>
          <marc:datafield tag="650" ind1="1" ind2=" ">
            <marc:subfield code="a">Rucksack</marc:subfield>
          </marc:datafield>
          <marc:datafield tag="650" ind1="1" ind2=" ">
            <marc:subfield code="a">Tornister</marc:subfield>
          </marc:datafield>
          <marc:datafield tag="650" ind1="1" ind2=" ">
            <marc:subfield code="a">Gebrauchsgegenstand</marc:subfield>
          </marc:datafield>
          <marc:datafield tag="773" ind1="0" ind2=" ">
            <marc:subfield code="t">Militaria / Northeimer Garnison</marc:subfield>
          </marc:datafield>
          <marc:datafield tag="773" ind1="0" ind2=" ">
            <marc:subfield code="t">Alltagskultur</marc:subfield>
          </marc:datafield>
          <marc:datafield tag="852" ind1=" " ind2=" ">
            <marc:subfield code="a">Heimatmuseum Northeim</marc:subfield>
          </marc:datafield>
          <marc:datafield tag="" ind1=" " ind2=" ">
            <marc:subfield code="a">Namensnennung 4.0 International (CC BY 4.0)</marc:subfield>
          </marc:datafield>
        </marc:record>
      </metadata>
    </record>
  </GetRecord>
</OAI-PMH>
